Modelos de gestão (Registro nro. 4841)

Detalles MARC
000 -LEADER
fixed length control field 02930 a2200301 4500
001 - CONTROL NUMBER
control field 49430
005 - DATE AND TIME OF LATEST TRANSACTION
control field 20260407155757.0
008 - FIXED-LENGTH DATA ELEMENTS--GENERAL INFORMATION
fixed length control field 260407a2003 arg spa d
003 - CONTROL NUMBER IDENTIFIER
control field AR-UNSa-BCEJYS
040 ## - CATALOGING SOURCE
Original cataloging agency AR-UNSa-BCEJYS
Language of cataloging spa
Transcribing agency AR-UNSa-BCEJYS
080 ## - UNIVERSAL DECIMAL CLASSIFICATION NUMBER
Universal Decimal Classification number 658.012.4
Common auxiliary subdivision Gestión. Dirección. Autoridad. Técnicas y métodos de gestión (gestión del conocimiento, Outsourcing, Benchmarking...)
020 ## - INTERNATIONAL STANDARD BOOK NUMBER
International Standard Book Number 85-87918-66-4
041 ## - LANGUAGE CODE
Language code of text/sound track or separate title spa
100 1# - MAIN ENTRY--PERSONAL NAME
Personal name Have, Steven ten
245 10 - TITLE STATEMENT
Title Modelos de gestão
Name of part/section of a work o que são e quando devem ser usados
264 #1 - PRODUCTION, PUBLICATION, DISTRIBUTION, MANUFACTURE, AND COPYRIGHT NOTICE
Place of production, publication, distribution, manufacture San Pablo :
Name of producer, publisher, distributor, manufacturer Prentice Hall
Date of production, publication, distribution, manufacture, or copyright notice 2003
300 ## - PHYSICAL DESCRIPTION
Extent xvi, 206 p.
Dimensions 24 cm.
505 ## - FORMATTED CONTENTS NOTE
Formatted contents note 1. Custeio baseado em atividade - 2. Papéis gerenciais PAEI de Adizes - 3. Matriz de produto/mercado de Ansoff - 4. Balancê scorecard - 5. Matriz BCG - 6. Papéis de equipe de Belbin - 7. Benchmarking - 8. Modelo de gestão de projetos de Berenschot - 9. Redesenho do processo de negócios - 10. Modelo de maturidade da competência - 11. Quadrantes de mudança - 12. Modelo do caos - 13. Valores concorrentes de eficácia organizacional - 14. Análise competitiva: as cinco forças de Porter - 15. Tipologia da obediência - 16. Competências essenciais - 17. Quadrantes essenciais - 18. Os sete hábitos de Covey de pessoas altamente eficazes - 19. Gestão de marketing e relacionamento com o cliente - 20. Ciclo de Deming - 21. Modelo EFQM - 22. A administração eficaz do tempo de Eisenhower - 23. EVA - Valor econômico agregado - 24. A quinta disciplina - 25. Quatro competências da organização que aprende - 26. Estratégias competitivas genéricas - 27. Os deuses da gestão - 28. Modelo de crescimento de Greiner - 29. Dimensões culturais de Hofstede - 30. Just-in-time - 31. Kaizen - 32. Capacidades distintivas de Kay - 33. As oito fases da mudança de Kotter - 34. Modelo de compras de Kraljic - 35. Alavancas de controle - 36. Análise MABA - 37. Malcolm Baldrige Award - 38. Marketing mix - 39. Maslow - 40. Modelo 7-S - 41. Configurações de Mintzberg - 42. Os papéis gerenciais de Mintzberg - 43. A organização neurótica - 44. Estágios de crescimento da TI de Nolan - 45. Análise do valor dos custos indiretos - 46. Vantagem de ser matriz - 47. O modelo de mudança propositada - 48. Análise de risco e retorno - 49. Planejamento de cenário (Shell) - 50. Escolas de síntese de estratégia - 51. Modelo das sete forças - 52. Organização sociotécnica - 53. Análise de SWOT - 54. Gestão baseada em valor - 55. Cadeia de valores - 56. Disciplinas de valor.
590 ## - LOCAL NOTE (RLIN)
Local note niveau_biblio:m niveau_hierar:0
700 1# - ADDED ENTRY--PERSONAL NAME
Personal name Have, Wouter ten
700 1# - ADDED ENTRY--PERSONAL NAME
Personal name Ramos Fernandes, Brasil
700 1# - ADDED ENTRY--PERSONAL NAME
Personal name Stevens, Frans
700 1# - ADDED ENTRY--PERSONAL NAME
Personal name Campiani Maximiano, Guilherme
700 1# - ADDED ENTRY--PERSONAL NAME
Personal name Elst, Marcel van der
700 1# - ADDED ENTRY--PERSONAL NAME
Personal name Pol-Coyne, Fiona
856 41 - ELECTRONIC LOCATION AND ACCESS
Uniform Resource Identifier <a href="https://www.biblioeco.unsa.edu.ar/pmb/images/libros/L128092.jpg">https://www.biblioeco.unsa.edu.ar/pmb/images/libros/L128092.jpg</a>
Link text Imagen de portada
Electronic format type image/jpeg
942 ## - ADDED ENTRY ELEMENTS (KOHA)
Koha item type
Existencias
Withdrawn status Lost status Damaged status Not for loan Home library Current library Shelving location Date acquired Total checkouts Full call number Barcode Date last seen Price effective from Koha item type
        Biblioteca Prof. Eusebio Cleto del Rey Biblioteca Prof. Eusebio Cleto del Rey   07/04/2026   658.012.4 M689 L128092 07/04/2026 07/04/2026 Libro